000 00748nam a2200241Ia 4500
003 OSt
005 20220925210715.0
006 a|||||r|||| 00| 0
007 ta
008 220923b |||||||| |||| 00| 0 eng d
037 _cGeneral Book
040 _aRTL
_cRTL
_beng
041 _2eng
_aeng
082 _aX:75.44Q7.N7, K7
100 _aAnisur Rahman
_955853
245 0 _aPerspective planning for self-assured growth
_b A co
260 _aIslamabad
_bUniversity of Islamabad
_c1967
300 _a36p
_ccm.
490 _aUniversity of Islamabad, Economics (Department of-), Research report. I
500 _aBibliography: P 30
942 _hX:75.44Q7.N7, K7
_cGB
_2CC
999 _c555806
_d555806